Statistiques concernant Club de la phase de poules de la ligue des champions 2022-2023

Cliquez ici pour prendre le quiz!

Statistiques générales

  • Ce quiz a été pris 222 fois
  • Le résultat moyen est 26 sur 32

Statistiques - réponses

PaysClub% Correct
AngleterreManchester City
100%
EspagneReal Madrid
99%
AllemagneBayern Munich
98%
EspagneFC Barcelone
98%
AngleterreLiverpool
98%
AllemagneBorussia Dortmund
96%
ItalieInter Milan
96%
ItalieAC Milan
95%
FranceOM
95%
FrancePSG
94%
AngleterreChelsea
93%
PortugalFC Porto
93%
ItalieJuventus
92%
EspagneAtlético Madrid
91%
AngleterreTottenham
91%
PortugalBenfica
88%
ItalieNapoli
85%
PortugalSporting Lisbonne
85%
Pays-BasAjax
84%
AllemagneRB Leipzig
83%
EcosseCeltic Glasgow
80%
BelgiqueFC Bruges
77%
EcosseGlasgow Rangers
74%
CroatieDynamo Zagreb
72%
UkraineShakhtar
68%
AutricheRB Salzbourg
64%
IsraëlMaccabi Haïfa
60%
AllemagneBayer Leverkusen
59%
DanemarkCopenhague
54%
EspagneFC Séville
47%
AllemagneEintracht Francfort
42%
République tchèqueViktoria Plzen
40%

Distribution des résultats

Percentile par nombre de réponses

% des personnes avec chaque résultat

Votre développement - résultats

Vous n’avez pas pris ce quiz